000 00978nam a2200217 4500
001 132944
003 ES-MaACL
005 20250713041035.0
007 t|
008 070214s1905 sp r ||||1| spa d
100 1 _aRoyo Villanova, Antonio,
_d1869-1958
_9100235
245 1 0 _aCervantes y el derecho de gentes
_b: la guerra en el Quijote /
_clección explicada ante los alumnos de Derecho Internacional de la Universidad de Zaragoza el día VI de mayo, año de MCMV, por Antonio Royo Villanova.
260 _aZaragoza :
_b[s. n.],
_c1905 (
_fOficina Tipográfica de Mariano Salas)
300 _a33 p. ;
_c22 cm.
490 1 _aLecciones Universitarias del Quijote ;
_v1
600 1 4 _aCervantes Saavedra, Miguel de,
_d1547-1616.
_tDon Quijote de la Mancha-
_vAniversarios y centenarios
_937614
710 2 _aUniversidad de Zaragoza
_97352
830 0 _aLecciones Universitarias del Quijote ;
_v1
_9186913
852 _aES-MaACL
_j2203-F-2
999 _c132944
_d132944